Biodiversity and human health (Registro nro. 1021)

Detalles MARC
000 -CABECERA
Campo de control 01078nam a2200361 a 4500
005 - FECHA Y HORA DE LA ULTIMA TRANSACCION
Campo de control 20200513171522.0
008 - ELEMENTOS DE LONGITUD FIJA—INFORMACION GENERAL
Campo de control 140224b1997 -Us||||| |||| 00| 0 eng d
020 ## - ISBN
ISBN 1559635002
040 ## - FUENTE DE CATALOGACIÓN
Agencia catalogadora original CO-BoIAVH
Agencia transcriptora CO-BoIAVH
041 ## - IDIOMA
Código de idioma para texto/pista de sonido o título separado Inglés
044 ## - PAÍS DE PUBLICACIÓN
País de publicación Colombia
082 ## - NUMERO DE CLASIFICACION DECIMAL DEWEY
Número de clasificación 333.9528
Número del ítem G85b
100 ## - ASIENTO PRINCIPAL--NOMBRE PERSONAL
Nombre personal Grifo, Francesca
Término relacionado editora
9 (RLIN) 10385
245 ## - MENCION DE TITULO
Título Biodiversity and human health
260 ## - PUBLICACION, DISTRIBUCION, ETC. (PIE DE IMPRENTA)
Lugar de publicación, distribución, etc. Washington
Nombre del editor, distribuidor, etc. Island Press
Fecha de publicación, distribución, etc. 1997
300 ## - DESCRIPCION FISICA
Extensión 379 páginas
650 14 - ASIENTO SECUNDARIO DE MATERIA - TERMINO TEMATICO
Término temático o nombre geográfico como elemento de entrada Biodiversidad
9 (RLIN) 92204
650 14 - ASIENTO SECUNDARIO DE MATERIA - TERMINO TEMATICO
Término temático o nombre geográfico como elemento de entrada Salud humana
9 (RLIN) 84046
650 14 - ASIENTO SECUNDARIO DE MATERIA - TERMINO TEMATICO
Término temático o nombre geográfico como elemento de entrada Etnobotánica
9 (RLIN) 84047
650 14 - ASIENTO SECUNDARIO DE MATERIA - TERMINO TEMATICO
Término temático o nombre geográfico como elemento de entrada Medio ambiente
9 (RLIN) 92195
650 14 - ASIENTO SECUNDARIO DE MATERIA - TERMINO TEMATICO
Término temático o nombre geográfico como elemento de entrada Desarrollo económico
9 (RLIN) 84049
650 14 - ASIENTO SECUNDARIO DE MATERIA - TERMINO TEMATICO
Término temático o nombre geográfico como elemento de entrada Enfermedades
9 (RLIN) 84050
650 14 - ASIENTO SECUNDARIO DE MATERIA - TERMINO TEMATICO
Término temático o nombre geográfico como elemento de entrada Uso sostenible
9 (RLIN) 344
650 14 - ASIENTO SECUNDARIO DE MATERIA - TERMINO TEMATICO
Término temático o nombre geográfico como elemento de entrada Monitoreo ecológico
9 (RLIN) 7350
650 14 - ASIENTO SECUNDARIO DE MATERIA - TERMINO TEMATICO
Término temático o nombre geográfico como elemento de entrada Sinergias
9 (RLIN) 10391
650 14 - ASIENTO SECUNDARIO DE MATERIA - TERMINO TEMATICO
Término temático o nombre geográfico como elemento de entrada Productos naturales
9 (RLIN) 84052
650 14 - ASIENTO SECUNDARIO DE MATERIA - TERMINO TEMATICO
Término temático o nombre geográfico como elemento de entrada Bioquímica
9 (RLIN) 84053
650 14 - ASIENTO SECUNDARIO DE MATERIA - TERMINO TEMATICO
Término temático o nombre geográfico como elemento de entrada Conocimiento tradicional
9 (RLIN) 84054
650 14 - ASIENTO SECUNDARIO DE MATERIA - TERMINO TEMATICO
Término temático o nombre geográfico como elemento de entrada Conservación de biodiversidad
9 (RLIN) 345
650 14 - ASIENTO SECUNDARIO DE MATERIA - TERMINO TEMATICO
Término temático o nombre geográfico como elemento de entrada Plantas medicinales
9 (RLIN) 84056
700 ## - ASIENTO SECUNDARIO - NOMBRE PERSONAL
Nombre personal Rosenthal, Joshua
Término de relación editor
9 (RLIN) 10396
942 ## - ELEMENTOS ADICIONALES (KOHA)
Tipo de ítem Libro
Sistema de clasificación Dewey Decimal Classification
Existencias
Withdrawn status Lost status Sistema de Clasificación Damaged status No para préstamo Colección Ubicación Permanente Ubicación actual Fecha de adquisición Total Checkouts Número topográfico Inventario / Código de Barras Date last seen Ejemplar Price effective from Tipo de material Inventariado Fuente de Valor Valor Forma de adquisición
    Dewey Decimal Classification     General Sala Fabio Quevedo Sala Fabio Quevedo 20/01/1999   LB-333.9528 G85b 005496 04/12/2012 Ej. 1 04/12/2012 Libro Inventariado 2017 Instituto 39000.00 Donación
    Local     General Villa de Leyva Villa de Leyva 12/02/2002   LB-01010 001401 04/12/2012 Ej. 1 04/12/2012 Libro